| 000 | 00388nam a2200121Ia 4500 | ||
|---|---|---|---|
| 008 | 170221s9999 xx 000 0 und d | ||
| 100 | _aMichael R. Gilbert | ||
| 245 | 4 | _aThe Divine Empowerment of Shared Leadership | |
| 245 | _cMichael R. Gilbert | ||
| 260 | _c2011 | ||
| 650 | _xBusiness | ||
| 856 | _uhttp://www.regent.edu/acad/global/publications/elj/vol6iss1/1elj_vol6iss1_gilbert.pdf | ||
| 999 |
_c309778 _d309778 |
||